000 00916cam a22002891 4500
001 755673
003 OSt
005 20140310181625.0
008 850909s1968 iluac j b 001 0beng
010 _a 67026875
040 _aDLC
_cDLC
_dDLC
042 _alcac
050 0 0 _aPS 3511
_b.R514Ro 1968
082 0 0 _aREF 920
_bF92 1968
100 1 _aRichards, Norman,
_d1932 Mar. 14-
245 1 0 _aPeople of Destiny :
_bRobert Frost /
_cNorman Richards.
260 _aChicago,
_bChildrens Press
_cc1968.
300 _a94 p. :
_bill. ports. ;
_c29 cm.
490 1 _aPeople of destiny: a humanities series
600 1 0 _aFrost, Robert,
_d1874-1963
_vJuvenile literature.
600 1 1 _aFrost, Robert,
_d1874-1963.
650 0 _aPoets, American
_y20th century
_xBiography
_vJuvenile literature.
830 0 _aPeople of destiny.
906 _a7
_bcbc
_corignew
_du
_eocip
_f19
_gy-gencatlg
942 _2lcc
_cBK
999 _c289
_d289